Girls Names that start with D - Statistics

General Stats
  • This quiz has been taken 1,147 times
  • The average score is 15 of 30
Answer Stats
Answer % Correct
Diana
81%
Danielle
75%
Deborah
75%
Diane
73%
Donna
72%
Daisy
70%
Dorothy
68%
Dora
65%
Dana
63%
Delilah
63%
Dinah
63%
Dolly
59%
Daphne
54%
Denise
53%
Doris
53%
Destiny
50%
Deanna
44%
Dalia
43%
Daria
43%
Darlene
43%
Darla
42%
Dawn
42%
Demitria
42%
Della
40%
Dolores
40%
Desirae
37%
Dominique
34%
Drea
21%
Dionna
20%
Dharma
10%
No matching quizzes found
Score Distribution
Percent of People with Each Score
Percentile by Number Answered
Your Score History
You have not taken this quiz